000 00696nam a2200277Ia 4500
001 117042
003 YMCAF
005 20230512163158.0
008 160503s2014 ||||||||||||||||| ||und|d
020 _a9781447164241
024 _a117042
035 _a44175
040 _aYMCAF
_beng
_cIN-KoLT
041 _aeng
082 _a621.312136
100 _aRekioua, Djamila
245 0 _aWind power electric systems
_bModeling, simulation and control
260 _aNew York
_bSpringer
_c2014
300 _a202
653 _aElectrical
653 _apower electronics modeling
653 _aStorage system
653 _awind energy conversion
653 _aWind system
942 _2ddc
_cBK
999 _c13959
_d13959